ბათუმის შოთა რუსთაველის სახელმწიფო უნივერსიტეტის ბიბლიოთეკა

ახალშობილთა დაავადებები / (ბიბ.ჩანაწერი № 47146)

000 -ლიდერი
ფიქსირებული სიგრძის საკონტროლო ველი 01142nam a2200253Ia 4500
001 - საკონტროლო ნომერი
საკონტროლო ველი 14004
003 - საკონტროლო ნომრის იდენტიფიკატორი
საკონტროლო ველი GE_BSU
005 - ბოლო ოპერაციის თარიღი და დრო
საკონტროლო ველი 20241018174254.0
008 - ფიქსირებული სიგრძის მონაცემთა ელემენტები - ზოგადი ინფორმაცია
ფიქსირებული სიგრძის საკონტროლო ველი 181216s1990||||ge |||||||||||||| ||geo||
020 ## - წიგნის საერთაშორისო სტანდარტული ნომერი
International Standard Book Number 5505012019
040 ## - კატალოგიზაციის წყარო
Transcribing agency GE_BSU
041 ## - ენის კოდი
Language code of text/sound track or separate title geo
080 ## - უნივერსალური ათობითი კლასიფიკაციის ინდექსი
Universal Decimal Classification number 616-053.31(075.8) ნ-69
100 ## - მთავარი ჩანაწერი - პიროვნების სახელი
Personal name ნიჟარაძე, გ.
9 (RLIN) 23458
245 ## - ცნობა სათაურის შესახებ
Title ახალშობილთა დაავადებები /
Statement of responsibility, etc გურამ ნიჟარაძე, ირაკლი ფავლენიშვილი ; რედ. : მ. ომანაძე, ც. შინდაგორიძე.
264 ## - წარმოების, გამოცემის, დისტრიბუციის და სხვა ცნობები
გამოცემის, წარმოების, დისტრიბუციის... ადგილი თბილისი :
გამოცემის, წარმოების, დისტრიბუციის... სახელწოდება განათლება,
გამოცემის, წარმოების, დისტრიბუციის... თარიღი 1990.
300 ## - ფიზიკური აღწერა
Extent 848 გვ. :
Other physical details ილ. ;
Dimensions 20 სმ.
653 ## - INDEX TERM--UNCONTROLLED
Uncontrolled term ახალშობილთა დაავადებები
700 ## - ADDED ENTRY--PERSONAL NAME
Personal name ფავლენიშვილი, ირაკლი
Relator term ავტორი
9 (RLIN) 6327
700 ## - ADDED ENTRY--PERSONAL NAME
Personal name ომანაძე, მ.
Relator term რედაქტორი
9 (RLIN) 23459
700 ## - ADDED ENTRY--PERSONAL NAME
Personal name შინდაგორიძე, ც.
Relator term რედაქტორი
9 (RLIN) 23460
942 ## - ADDED ENTRY ELEMENTS (KOHA)
Koha item type წიგნი
Source of classification or shelving scheme
ეგზემპლარები
ჩამოწერის სტატუსი დაკარგული ეგზემპლარის სტატუსი კლასიფიკაციის წყარო ან თაროზე გაწყობის სქემა დაზიანების სტატუსი არ გაიცემა მუდმივი მდებარეობა (დაცვის ადგილი) ამჟამინდელი ადგილსამყოფელი თაროზე განთავსების ადგილი შეძენის თარიღი ღირებულება, შესყიდვის ნორმალური ფასი სრული შენახვის შიფრი შტრიხკოდი ბოლო ოპერაციის თარიღი ეგზემპლარის მიმდევრობითი ნომერი (კეტერი?) ფასის ძალაში შესვლის თარიღი ეგზემპლარის სახეობა საჯარო შენიშვნა
          ბათუმის შოთა რუსთაველის სახელმწიფო უნივერსიტეტის მთავარი ბიბლიოთეკა ბათუმის შოთა რუსთაველის სახელმწიფო უნივერსიტეტის მთავარი ბიბლიოთეკა წიგნსაცავი 2018-12-17 20.00 616-053.31(075.8) ნ-69 27304 2018-12-17 27304 2018-12-17 წიგნი 20.00₾.